00358nam a22001457a 4500003001200000005001700012008004100029020001500070040001200085082001400097100002000111245004800131260001100179650002200190NUST - PNEC20170116181125.0151005b xxu||||| |||| 00| 0 eng d a9698017003 cLIBRARY a915.4 AKH aAkhtar, Rafique aPakistan year book, 1992-93cRafique Akhtar cc.1991 aPakistanxHistory